000 00592nam a22001817a 4500
005 20230925144624.0
010 _aENG-136149-56
020 _a9788170820367
_c125.00
035 _aEN-119681-88
037 _bDBAD/PUB
082 _a720.954
100 _aAgarwal, M.K.
_957385
245 _aMystics of Vastu Sastra With Astrological Remedial Measures/
_cBy M.K. Agarwal
260 _aNew Delhi
_bSagar Publications
_c1999
270 _a72 Janpath, Ved Mansion
_bNew Delhi
_e110001
_msagarpub@del3.vsn.net.in
300 _a226p.
_c21cm(pbk)
942 _2ddc
_cEN
_h720.954
_mAGA
999 _c195007
_d195007